000 00365nam a2200133Ia 4500
005 20260328104246.0
008 260328s9999||||xx |||||||||||||| ||und||
100 _aMarzal, Jorge A.
245 0 _aDiseño de Producto :
_b Métodos y Técnicas /
_cJorge A. Marzal
260 _bAlfaomega
300 _a378 p.
650 _aDISEÑO INDUSTRIAL - ELEMENTOS
942 _cBK
999 _c10067
_d10067